000 00958nam a22003257a 4500
001 BR2011000825
003 BR-BrBNA
005 20230928103444.0
007 ta
008 230509b bl.||||| |||| 00| 0 por d
040 _aBR-BrBNA
_bpor
_cBiblioteca Nacional de Agricultura
041 _a(Por)
072 _aB50
090 _ B50 BR2011000825
100 1 _aFonseca, F.P.
110 1 _aUniversidade Federal de Lavras, MG (Brasil)
_0Tese (Mestrado)
245 1 _aAssociações e mulheres: possibilidades de (re)construção identitária e emponderamento
260 3 _aLavras, MG (Brasil):
_c2010.
300 _a127 p.
500 _aSummaries (Eng, Por); Bibliography p. 114-120; 8 illus.
650 _aMULHER
650 _aASSOCIAÇÃO COMERCIAL
650 _aTRABALHO
650 _aPOLÍTICAS PÚBLICAS
650 _aARTESANATO
650 _aCULINÁRIA
650 _aHISTÓRIA
909 _a202309
_bLucia
_c55
_dLucia Elande
942 _cBK
999 _c75194
_d75194